Akan Traditional Religon (Record no. 121990)
[ view plain ]
| 000 -LEADER | |
|---|---|
| fixed length control field | 00431nam a22001457a 4500 |
| 008 - FIXED-LENGTH DATA ELEMENTS--GENERAL INFORMATION | |
| fixed length control field | 150209b xxu||||| |||| 00| 0 eng d |
| 020 ## - INTERNATIONAL STANDARD BOOK NUMBER | |
| International Standard Book Number | 9781439249451 |
| 050 ## - LIBRARY OF CONGRESS CALL NUMBER | |
| Classification number | BL2480.A4 B455 |
| 100 ## - MAIN ENTRY--PERSONAL NAME | |
| Personal name | Bempah, Kofi |
| 9 (RLIN) | 14948 |
| 245 ## - TITLE STATEMENT | |
| Title | Akan Traditional Religon |
| Remainder of title | the myths and the truth |
| Statement of responsibility, etc | Kofi Bempah |
| 260 ## - PUBLICATION, DISTRIBUTION, ETC. (IMPRINT) | |
| Date of publication, distribution, etc | 2010 |
| 300 ## - PHYSICAL DESCRIPTION | |
| Extent | lx, 323p. ; |
| Dimensions | 20cm. |
| 650 ## - SUBJECT ADDED ENTRY--TOPICAL TERM | |
| Topical term or geographic name as entry element | Akan (African people) |
| General subdivision | religion |
| 9 (RLIN) | 14949 |
| 942 ## - ADDED ENTRY ELEMENTS (KOHA) | |
| Source of classification or shelving scheme | Library of Congress Classification |
| Item type | Monograph ( Printed materials) |
| Koha issues (borrowed), all copies | 1 |
| Withdrawn status | Lost status | Source of classification or shelving scheme | Damaged status | Not for loan | Collection code | Home library | Current library | Shelving location | Date acquired | Total Checkouts | Full call number | Barcode | Checked out | Date last seen | Date last borrowed | Price effective from | Koha item type |
|---|---|---|---|---|---|---|---|---|---|---|---|---|---|---|---|---|---|
| Library of Congress Classification | Main Collection | ARRUPE LIBRARY | ARRUPE LIBRARY | Main Collection | 09/02/2015 | 14 | BL2480.A4 B455 | 46500002956 | 17/04/2025 | 03/04/2025 | 03/04/2025 | 09/02/2015 | Monograph ( Printed materials) |